| 000 | 00427nam a2200169 a 4500 | ||
|---|---|---|---|
| 005 | 20140310183437.0 | ||
| 008 | 080313s19uu xx 00 eng d | ||
| 020 | _a0440241065 | ||
| 050 |
_aPZ 7 _b.B195 2004 |
||
| 100 | _aBalogh, Mary | ||
| 245 |
_aSlightly tempted. _cMary Balogh |
||
| 260 |
_aNew York : _bBantam Books, _c2004. |
||
| 300 |
_a356 p. : _c17 cm. |
||
| 650 | _aFiction. | ||
| 942 |
_cBK _2lcc |
||
| 999 |
_c22950 _d22950 |
||